| 000 | 00490nam a2200193Ia 4500 | ||
|---|---|---|---|
| 008 | 210210b2011 xxu||||| |||| 00| 0 eng d | ||
| 020 | _a9789381141083 | ||
| 041 | _aeng | ||
| 082 | _a519.2 MURP | ||
| 100 | _aMURTHY (T S R) | ||
| 245 | _aProbability and statistics | ||
| 260 |
_aNew Delhi _bI K International Publishing House Pvt. Ltd. _c2011 |
||
| 300 | _axii,518 | ||
| 650 | _astatistics | ||
| 650 | _aProbability | ||
| 650 | _aand | ||
| 690 | _aProbabilities | ||
| 906 | _a069021 | ||
| 999 |
_c153149 _d153149 |
||